000
00451nam a2200181Ia 4500
008
100917s9999 xx 000 0 und d
082
_b
58607
100
_a
खांडेकर दिवाकर
245
_a
दरवळ
260
_b
मुक्ता प्रकाशन
_c
1982
300
_a
132
365
_b
21
520
_a
कथा
630
_a
दरवळ
650
_a
कथा
730
_a
दरवळ
942
_c
BOOK
999
_c
664001
_d
663998